[Event "ICS rated blitz match"]
[Site "204.178.125.65"]
[Date "2000.12.13"]
[Round "?"]
[White "Hossa"]
[Black "Amateur"]
[Result "1-0"]
[WhiteElo "2380"]
[BlackElo "2556"]
[PlyCount "101"]
[EventDate "2000.??.??"]

1. d4 Nf6 2. Nc3 e6 3. e4 Bb4 4. Bg5 h6 5. Bxf6 Qxf6 6. a3 Bxc3+ 7. bxc3 d5 8.
e5 Qg6 9. Nf3 O-O 10. Bd3 Qxg2 11. Rg1 Qh3 12. Rb1 Nd7 13. Rg3 Qh5 14. Bb5 Nb6
15. Qe2 c6 16. Bd3 Na4 17. Kd2 g6 18. Rbg1 Nb2 19. Rxg6+ fxg6 20. Bxg6 Nc4+ 21.
Kc1 Qxf3 22. Bh5+ Kh8 23. Bxf3 Rf5 24. Bg2 Rg5 25. Qf3 Kg8 26. Qf6 Rg7 27. a4
Nb6 28. Qd8+ Kf7 29. a5 Nc4 30. Qf6+ Kg8 31. Kd1 Bd7 32. a6 bxa6 33. Qxh6 Rb8
34. Ke2 Rb2 35. Bxd5 Rxc2+ 36. Kd3 Rd2+ 37. Kxc4 cxd5+ 38. Kc5 Rxg1 39. Qxd2
Bb5 40. Qh6 Bd7 41. f4 Rg7 42. f5 Bc8 43. fxe6 a5 44. Kd6 Ba6 45. e7 Bb5 46.
Qh5 Rh7 47. e8=Q+ Bxe8 48. Qxe8+ Kg7 49. e6 Kh6 50. e7 Rxe7 51. Kxe7 {
Amateur resigns} 1-0

[Event "ICS rated blitz match"]
[Site "204.178.125.65"]
[Date "2000.12.13"]
[Round "?"]
[White "Amateur"]
[Black "Hossa"]
[Result "1/2-1/2"]
[WhiteElo "2533"]
[BlackElo "2403"]
[PlyCount "202"]
[EventDate "2000.??.??"]

1. e4 e6 2. d4 d5 3. Nd2 c5 4. exd5 exd5 5. Ngf3 a6 6. Be2 c4 7. O-O Nc6 8. Re1
Be7 9. c3 Nf6 10. Ne5 O-O 11. Nxc6 bxc6 12. b3 cxb3 13. axb3 Re8 14. Bd3 c5 15.
Nf3 cxd4 16. Nxd4 Qc7 17. Bb2 Ng4 18. Nf3 Ra7 19. Qc2 g6 20. h3 Nf6 21. Re5 Bd6
22. Rxe8+ Nxe8 23. Qe2 Qe7 24. Qxe7 Bxe7 25. Re1 Nf6 26. c4 Be6 27. Ng5 dxc4
28. bxc4 Rb7 29. Bxf6 Bxf6 30. Nxe6 Re7 31. c5 Rxe6 32. Rxe6 fxe6 33. c6 Be5
34. Bxa6 Kf7 35. g3 Ke7 36. f4 Bd4+ 37. Kg2 Kd6 38. Bb7 e5 39. fxe5+ Bxe5 40.
h4 Kc7 41. Kf3 h5 42. Ba6 Kxc6 43. Bd3 Kd6 44. Bxg6 Ke7 45. g4 hxg4+ 46. Kxg4
Kf6 47. h5 Kg7 48. Kg5 Kh8 49. h6 Kg8 50. Kf5 Bg3 51. h7+ Kh8 52. Ke6 Kg7 53.
Be4 Kh8 54. Kd5 Kg7 55. Bf5 Kh8 56. Ke4 Kg7 57. Kd4 Kh8 58. Bg6 Kg7 59. Ke4 Kh8
60. Kd5 Kg7 61. Kd4 Kh8 62. Ke3 Kg7 63. Bf5 Kh8 64. Kd4 Kg7 65. Be4 Kh8 66. Bd3
Kg7 67. Ke3 Kh8 68. Bf5 Kg7 69. Ke4 Kh8 70. Bg6 Kg7 71. Ke3 Kh8 72. Kf3 Bh2 73.
Bf5 Kg7 74. Ke4 Kh8 75. Kd5 Kg7 76. Bg6 Kh8 77. Ke4 Kg7 78. Kd3 Kh8 79. Kc4 Kg7
80. Bf5 Kh8 81. Kc5 Kg7 82. Kb4 Kh8 83. Kc3 Kg7 84. Kd2 Kh8 85. Kd3 Kg7 86. Kc3
Kh8 87. Kc4 Kg7 88. Kd5 Kh8 89. Be4 Kg7 90. Bg6 Kh8 91. Ke4 Kg7 92. Bf5 Kh8 93.
Kd5 Kg7 94. Kc5 Kh8 95. Kc6 Kg7 96. Kb5 Kh8 97. Be4 Kg7 98. Kc4 Kh8 99. Bc2 Kg7
100. Kd5 Kh8 101. Bg6 Kg7 {Game drawn by the 50 move rule} 1/2-1/2

[Event "ICS rated blitz match"]
[Site "204.178.125.65"]
[Date "2000.12.13"]
[Round "?"]
[White "Amateur"]
[Black "Hossa"]
[Result "0-1"]
[WhiteElo "2538"]
[BlackElo "2398"]
[PlyCount "132"]
[EventDate "2000.??.??"]

1. Nf3 Nf6 2. c4 c5 3. Nc3 e6 4. g3 d5 5. Bg2 d4 6. Nb5 Nc6 7. O-O a6 8. Na3
Bd6 9. d3 O-O 10. Bg5 h6 11. Bxf6 Qxf6 12. Nd2 Bc7 13. Nb3 Bb6 14. Nd2 e5 15.
Qb3 Ba5 16. Rad1 Rb8 17. Qa4 Bb4 18. Nf3 Bg4 19. h3 Bd7 20. Rc1 b5 21. Qd1 Ne7
22. cxb5 axb5 23. Nb1 Rbc8 24. Nbd2 Nd5 25. a3 Ba5 26. Ne4 Qe7 27. Qb3 Nb6 28.
e3 c4 29. dxc4 bxc4 30. Qa2 Bf5 31. Ned2 Bd3 32. Rfe1 e4 33. exd4 Qb7 34. b4
cxb3 35. Nxb3 Bxe1 36. Nxe1 Bc4 37. Rb1 Qd5 38. Qc2 Rfe8 39. Qc3 Na4 40. Qe3
Ba6 41. Rc1 f5 42. Rc2 g5 43. Nd2 Rcd8 44. Qb3 Qxb3 45. Nxb3 Rb8 46. Rc6 Rxb3
47. Rxa6 Rxa3 48. Nc2 Ra2 49. Ne3 Rf8 50. Rxh6 Nc3 51. Rg6+ Kh7 52. Rxg5 Ne2+
53. Kh1 Nxd4 54. g4 Rxf2 55. Nxf5 Nf3 56. Rh5+ Kg8 57. Nh6+ Kg7 58. Nf5+ Kf7
59. Nd6+ Kg6 60. Nf5 Rb8 61. Rh6+ Kg5 62. h4+ Kf4 63. Rb6 Rxb6 64. Ne3 Rb1+ 65.
Nf1 Rbxf1+ 66. Bxf1 Rh2# {Amateur checkmated} 0-1

[Event "ICS rated blitz match"]
[Site "204.178.125.65"]
[Date "2000.12.13"]
[Round "?"]
[White "Hossa"]
[Black "PostModernist"]
[Result "1-0"]
[WhiteElo "2420"]
[BlackElo "2609"]
[PlyCount "115"]
[EventDate "2000.??.??"]

1. e4 c5 2. b3 b6 3. Nc3 Bb7 4. Bb2 d6 5. Nh3 Nf6 6. f3 e6 7. Bc4 Be7 8. O-O a6
9. Ne2 O-O 10. a4 Nc6 11. Nf2 d5 12. exd5 exd5 13. Bd3 Bd6 14. Re1 d4 15. Ng3
Bxg3 16. hxg3 Qd6 17. f4 Nb4 18. Be2 Rfd8 19. c3 dxc3 20. Bxc3 Nfd5 21. Qb1 Qc6
22. Bf3 Qd7 23. Bg4 Qc7 24. Bf5 g6 25. Be5 Qc6 26. Be4 f6 27. Bb2 f5 28. Bf3
Qd7 29. Qc1 Rdc8 30. a5 bxa5 31. Rxa5 Qc7 32. Ra1 Qf7 33. Be5 Nb6 34. Bxb7 Qxb7
35. g4 Qd7 36. gxf5 Qxf5 37. g4 Qf8 38. Ne4 Nd3 39. Nf6+ Kf7 40. Qd1 Nxe1 41.
Qxe1 h6 42. Qe4 Qe7 43. Qh1 c4 44. Qxh6 Qc5+ 45. Kg2 Qc6+ 46. Kg3 Rh8 47. Nh7
Rhg8 48. Re1 Ke7 49. Nf6 Kf7 50. Nxg8 Rxg8 51. bxc4 Nc8 52. d3 Nb6 53. Bd4 Nc8
54. Qh7+ Kf8 55. Re5 Rg7 56. Qxg7+ Kxg7 57. Re6+ Kf7 58. Rxc6 {
PostModernist resigns} 1-0

[Event "ICS rated blitz match"]
[Site "204.178.125.65"]
[Date "2000.12.13"]
[Round "?"]
[White "Hossa"]
[Black "ChesterX"]
[Result "1/2-1/2"]
[WhiteElo "2444"]
[BlackElo "2670"]
[PlyCount "131"]
[EventDate "2000.??.??"]

1. e4 c5 2. Nf3 e6 3. d4 cxd4 4. Nxd4 a6 5. Bd3 Nf6 6. O-O d6 7. c4 g6 8. Nc3
Bg7 9. Be3 O-O 10. Rc1 Nc6 11. Nxc6 bxc6 12. c5 d5 13. Bg5 h6 14. Bh4 Qa5 15.
Qc2 Bd7 16. Qb1 d4 17. Ne2 e5 18. Bc4 g5 19. Bg3 Nh5 20. b4 Qa4 21. Qb2 a5 22.
b5 Nxg3 23. fxg3 Qb4 24. Qxb4 axb4 25. b6 Be6 26. Bxe6 fxe6 27. Rb1 Rxf1+ 28.
Kxf1 Bf8 29. b7 Rb8 30. Rxb4 Bxc5 31. Rb3 Ba7 32. Ng1 g4 33. h3 c5 34. hxg4 c4
35. Rb4 d3 36. Rxc4 Rxb7 37. Rc1 Rb2 38. Nh3 Rb8 39. Rd1 Rd8 40. g5 Kg7 41.
gxh6+ Kxh6 42. Ng1 Bb6 43. Nf3 Bc7 44. g4 Kg7 45. a4 Kh6 46. g5+ Kh5 47. Kf2
Bb6+ 48. Kg3 Bc7 49. Rh1+ Kg6 50. Rh6+ Kg7 51. Rxe6 Ba5 52. Kg4 d2 53. Nxd2
Bxd2 54. Rxe5 Rd4 55. Kf5 Rxa4 56. Rd5 Bxg5 57. Kxg5 Rxe4 58. g4 Re7 59. Rd8
Ra7 60. Re8 Ra5+ 61. Kh4 Kf6 62. Rg8 Ra1 63. Kg3 Ra3+ 64. Kh4 Ra1 65. Kg3 Ra3+
66. Kh4 {Game drawn by mutual agreement} 1/2-1/2

[Event "ICS rated blitz match"]
[Site "204.178.125.65"]
[Date "2000.12.13"]
[Round "?"]
[White "AvernoX"]
[Black "Hossa"]
[Result "1-0"]
[WhiteElo "2399"]
[BlackElo "2453"]
[PlyCount "85"]
[EventDate "2000.??.??"]

1. c4 e5 2. Nc3 Nf6 3. Nf3 Nc6 4. d3 Bb4 5. e4 d6 6. Be2 O-O 7. O-O Ba5 8. Bg5
h6 9. Bd2 Be6 10. Qc2 Bg4 11. Be3 Nb4 12. Qb3 Bxf3 13. gxf3 Qd7 14. Kh1 Qh3 15.
Rg1 Nh5 16. a3 Nc6 17. Qxb7 Nd4 18. Bxd4 exd4 19. Nd5 Rfb8 20. Qa6 Rxb2 21. Bf1
Qxf3+ 22. Bg2 Qxf2 23. Ne7+ Kf8 24. Qxa5 Qe2 25. Raf1 c5 26. Nf5 Rb3 27. Qc7
Rxd3 28. e5 Rd2 29. Nxg7 Ng3+ 30. hxg3 Qxc4 31. Nf5 Rxg2 32. Qxd6+ Kg8 33.
Nxh6+ Kg7 34. Rxf7+ Qxf7 35. Nxf7 Rf2 36. Qh6+ Kxf7 37. Rb1 Kg8 38. Rb7 Rf1+
39. Kg2 Rf2+ 40. Kxf2 Rf8+ 41. Kg2 Rf7 42. Rb8+ Rf8 43. Rxf8# {Hossa checkmated
} 1-0

[Event "ICS rated blitz match"]
[Site "204.178.125.65"]
[Date "2000.12.13"]
[Round "?"]
[White "Hossa"]
[Black "PostModernist"]
[Result "0-1"]
[WhiteElo "2435"]
[BlackElo "2569"]
[PlyCount "134"]
[EventDate "2000.??.??"]

1. e4 Nc6 2. Nf3 e5 3. Bc4 Nf6 4. d4 exd4 5. O-O Nxe4 6. Re1 d5 7. Bxd5 Qxd5 8.
Nc3 Qa5 9. Nxe4 Be6 10. Neg5 O-O-O 11. Nxe6 fxe6 12. Rxe6 Bd6 13. Bg5 Rde8 14.
Qe1 Qxe1+ 15. Raxe1 Rxe6 16. Rxe6 Kd7 17. Re4 Re8 18. Rxe8 Kxe8 19. Bd2 h6 20.
c3 dxc3 21. Bxc3 Kf7 22. Kf1 Bb4 23. Ke2 Bxc3 24. bxc3 Ke6 25. h3 Kd5 26. Nh4
Kc4 27. Kd2 Ne7 28. Nf3 b5 29. Ne5+ Kd5 30. Nd3 c5 31. f4 c4 32. Nf2 a5 33. Kc2
b4 34. Nd1 bxc3 35. Nxc3+ Kc5 36. g4 Ng6 37. Ne2 Ne7 38. Nc3 Kd4 39. Nb5+ Ke3
40. f5 Kf3 41. Na3 Kg3 42. Nxc4 Nc6 43. g5 hxg5 44. Kd3 Kxh3 45. Kd2 g4 46. Ne3
Kg3 47. Nd5 Kf3 48. Ke1 g3 49. Kf1 Nd4 50. Nc3 Nxf5 51. Nb1 g2+ 52. Kg1 Nd4 53.
Nd2+ Kg3 54. Ne4+ Kf4 55. Kxg2 Kxe4 56. Kg3 a4 57. Kg4 g5 58. Kg3 g4 59. a3 Nb5
60. Kf2 g3+ 61. Kg2 Nxa3 62. Kf1 g2+ 63. Kg1 Kf3 64. Kh2 Kf2 65. Kh3 g1=Q 66.
Kh4 Qg6 67. Kh3 Qh5# {Hossa checkmated} 0-1

[Event "ICS rated standard match"]
[Site "204.178.125.65"]
[Date "2000.12.13"]
[Round "?"]
[White "Hossa"]
[Black "diep"]
[Result "0-1"]
[WhiteElo "2409"]
[BlackElo "2436"]
[PlyCount "270"]
[EventDate "2000.??.??"]

1. d4 Nf6 2. c4 e6 3. Nf3 b6 4. Nc3 Bb4 5. Bg5 Bb7 6. e3 h6 7. Bh4 g5 8. Bg3
Ne4 9. Qc2 Bxc3+ 10. bxc3 d6 11. Nd2 Nxg3 12. hxg3 Nd7 13. e4 e5 14. Be2 Qf6
15. d5 O-O-O 16. a4 a5 17. Bh5 Qg7 18. g4 Ba6 19. Kf1 Nc5 20. Rh3 Kb7 21. Kg1
f6 22. Rb1 Ra8 23. Rb2 Qd7 24. Ra2 Rad8 25. Qd1 Qg7 26. Qb1 Ra8 27. Ra1 Qd7 28.
Qd1 Rhg8 29. Qc2 Raf8 30. Ra2 Rc8 31. Qd1 Rcd8 32. Rf3 Qg7 33. Qc2 Rh8 34. Ra3
Rdf8 35. Rh3 Rhg8 36. Ra2 Qd7 37. Rg3 Rh8 38. Qd1 Rfg8 39. Rf3 Qe7 40. Rh3 Qh7
41. Qc2 Qd7 42. Rf3 Rf8 43. Re3 Kb8 44. Ra1 Rd8 45. Rf3 Rhf8 46. Ra2 Qh7 47.
Rh3 Qg7 48. Ra1 Qd7 49. Qd1 Rg8 50. Rf3 Qg7 51. Rg3 Bc8 52. Rh3 Bd7 53. Qc2 Rh8
54. Nf1 Bc8 55. Rf3 Ba6 56. Nd2 Rhg8 57. Qb1 Ka7 58. Rh3 Rb8 59. Qd1 Qe7 60.
Rf3 Rg7 61. Ra2 Rd8 62. Qe2 Qd7 63. Rxf6 Nxa4 64. Qe1 Rh8 65. Rf3 Nc5 66. Qb1
Rb8 67. Ra1 Qe7 68. Rh3 Qf6 69. Qc2 Rgg8 70. Rf3 Qh8 71. Nb3 Bxc4 72. Nxc5 dxc5
73. Qa4 Be2 74. Rh3 Rgf8 75. Re3 Ba6 76. c4 Bb7 77. Rea3 Qh7 78. f3 Qg7 79. Rb1
Rfd8 80. Qb5 Ba6 81. Qb3 Qf6 82. g3 Rf8 83. Qa4 Rg8 84. Rb2 Rbf8 85. Rd2 Bb7
86. Qb5 Qd6 87. Rf2 Rf6 88. Qa4 Rd8 89. Rf1 Qd7 90. Qc2 Rdf8 91. Qf2 Ba6 92.
Qe2 Qe7 93. Qc2 Bc8 94. Qg2 Bd7 95. Qb2 a4 96. Qg2 Kb7 97. Qe2 Ra8 98. Rfa1 Qg7
99. Qb2 Rff8 100. Kh1 Qf6 101. Rd1 Rab8 102. Qf2 Rbd8 103. Rb1 Qe7 104. Qb2 Rf6
105. Kg1 Rdf8 106. Qe2 Qd8 107. Rba1 Qa8 108. Kg2 Qa5 109. Qb2 Qb4 110. Qa2 Rd8
111. Rb1 Qa5 112. Kf2 Rdf8 113. Ke2 Qa6 114. Kf2 Kb8 115. Kg2 Kb7 116. Rc1 Qa5
117. Rd3 b5 118. cxb5 Bxb5 119. Rb1 Rb6 120. Ra3 Bc4 121. Qc2 Bb3 122. Qd3 Qb4
123. Raa1 Rbf6 124. Rxa4 Qxa4 125. Rxb3+ Rb6 126. Ra3 c4 127. Qe3 Qc2+ 128. Kh3
Qb1 129. Qf2 Ra8 130. Re3 Qh1+ 131. Qh2 Qxh2+ 132. Kxh2 Rb2+ 133. Re2 Rxe2+
134. Kh3 Raa2 135. Be8 Rh2# {Hossa checkmated} 0-1

[Event "ICS Rated standard match"]
[Site "204.178.125.65"]
[Date "2000.12.13"]
[Round "?"]
[White "petereks"]
[Black "Hossa"]
[Result "1-0"]
[WhiteElo "2422"]
[BlackElo "2394"]
[PlyCount "77"]
[EventDate "2000.??.??"]

1. d4 Nf6 2. c4 e6 3. Nf3 b6 4. g3 Bb7 5. Bg2 Be7 6. O-O O-O 7. Nc3 d5 8. Ne5
Qc8 9. cxd5 Nxd5 10. Nxd5 Bxd5 11. e4 Bb7 12. Qg4 c5 13. Bh6 Bf6 14. Nf3 e5 15.
Qxc8 Rxc8 16. dxe5 Be7 17. Bg5 Bxg5 18. Nxg5 h6 19. Nf3 Bxe4 20. Rad1 Bc6 21.
Rd6 g6 22. e6 fxe6 23. Rxe6 Kh7 24. Rd1 Rf8 25. Ne5 Bxg2 26. Re7+ Kg8 27. Kxg2
g5 28. Rd6 Rf5 29. g4 Rf4 30. Rde6 Rf8 31. Rg6+ Kh8 32. Rxh6+ Kg8 33. Rg6+ Kh8
34. Ree6 Rxf2+ 35. Kxf2 Nd7 36. Nf7+ Kh7 37. Rxg5 Nf6 38. Rxf6 Re8 39. Rh6# {
Hossa checkmated} 1-0

[Event "ICS rated blitz match"]
[Site "204.178.125.65"]
[Date "2000.12.13"]
[Round "?"]
[White "trinity"]
[Black "Hossa"]
[Result "1-0"]
[WhiteElo "2358"]
[BlackElo "2463"]
[PlyCount "127"]
[EventDate "2000.??.??"]

1. e4 Nc6 2. Nf3 e5 3. d4 exd4 4. Nxd4 Qh4 5. Nc3 Bb4 6. Be2 Bxc3+ 7. bxc3 Qxe4
8. O-O Qe5 9. Re1 Nge7 10. Ba3 Qa5 11. Nxc6 Nxc6 12. Bb5+ Kd8 13. Qg4 Qxa3 14.
Qxg7 Qf8 15. Qf6+ Ne7 16. Rxe7 Qxe7 17. Qxh8+ Qe8 18. Qxh7 c6 19. Bc4 d5 20.
Bb3 b5 21. a4 Bb7 22. axb5 cxb5 23. Qd3 Qc6 24. Rd1 Ke7 25. Qe2+ Qe6 26. Qxb5
Qb6 27. Re1+ Kf8 28. Qd7 Qa6 29. Bxd5 Bxd5 30. Qxd5 Rc8 31. Qd4 Kg8 32. h4 Qb7
33. Re3 Qb1+ 34. Kh2 Qb8+ 35. Rg3+ Kf8 36. h5 Qc7 37. h6 Ke7 38. h7 Rd8 39.
h8=Q Rxh8+ 40. Qxh8 Qf4 41. Qd4 Qh6+ 42. Rh3 Qd6+ 43. Qxd6+ Kxd6 44. Rh6+ Ke5
45. Ra6 Kf5 46. Rxa7 Ke6 47. c4 f6 48. c5 Kd5 49. Rc7 f5 50. c4+ Kxc4 51. c6
Kd5 52. Rc8 f4 53. g3 Kc5 54. g4 Kd5 55. g5 Ke5 56. g6 Kf6 57. Rg8 Ke6 58. c7
Kf5 59. c8=Q+ Ke5 60. Rf8 Kd5 61. g7 Kd4 62. g8=Q f3 63. Qcc4+ Ke5 64. Qge6# {
Hossa checkmated} 1-0

[Event "ICS Rated standard match"]
[Site "204.178.125.65"]
[Date "2000.12.13"]
[Round "?"]
[White "Hossa"]
[Black "BrazilianMaster"]
[Result "0-1"]
[WhiteElo "2379"]
[BlackElo "2662"]
[PlyCount "132"]
[EventDate "2000.??.??"]

1. e4 c5 2. b3 Nc6 3. Nf3 e6 4. Bb5 Nd4 5. Nxd4 cxd4 6. O-O Ne7 7. c3 a6 8. Bd3
dxc3 9. dxc3 Ng6 10. Be3 Qc7 11. Qd2 Be7 12. f4 O-O 13. Qf2 Qc6 14. Bd4 d6 15.
Be3 Bf6 16. Rc1 Bd7 17. a4 e5 18. f5 Nf4 19. Bxf4 exf4 20. Qxf4 d5 21. Kh1 Rfe8
22. Nd2 Rad8 23. exd5 Qxd5 24. Be4 Be5 25. Qg5 Qd6 26. Nc4 Qb8 27. Bd5 Bf4 28.
Qh5 Bxc1 29. Bxf7+ Kh8 30. Rxc1 Qf4 31. Rg1 Rf8 32. Bg6 h6 33. Qe2 Bxf5 34. g3
Bg4 35. gxf4 Bxe2 36. Ne5 Rxf4 37. Re1 Rd1 38. Rxd1 Bxd1 39. Bf7 Bc2 40. Kg2 g6
41. Bc4 Re4 42. Nf7+ Kg7 43. Nd6 Re3 44. Bd5 Rd3 45. c4 Bxb3 46. Ne8+ Kf8 47.
Nc7 Bxa4 48. Bxb7 a5 49. Ne6+ Ke7 50. Nc5 Rd2+ 51. Kg3 Be8 52. Bf3 a4 53. h4 a3
54. Nb3 Rc2 55. Na1 Rc1 56. c5 Bf7 57. h5 gxh5 58. c6 Rxa1 59. Be4 a2 60. Kh2
Rc1 61. Bf3 a1=Q 62. Kh3 Be6+ 63. Kg2 Qb2+ 64. Kg3 h4+ 65. Kf4 Qd4+ 66. Be4
Rf1# {Hossa checkmated} 0-1

[Event "ICS rated blitz match"]
[Site "204.178.125.65"]
[Date "2000.12.13"]
[Round "?"]
[White "Hossa"]
[Black "A-Yasseen"]
[Result "1-0"]
[WhiteElo "2444"]
[BlackElo "2176"]
[PlyCount "81"]
[EventDate "2000.??.??"]

1. d4 d5 2. e4 c6 3. exd5 cxd5 4. Nf3 Nc6 5. Bd3 Nf6 6. O-O g6 7. c3 Bg7 8. Na3
O-O 9. Bf4 h6 10. Qc1 Kh7 11. h3 Ne4 12. Qc2 f5 13. Nb5 a6 14. Na3 b5 15. Qb3
Na5 16. Qd1 Nc4 17. Nxc4 bxc4 18. Bc2 Ra7 19. Ne5 Rb7 20. Qc1 Bd7 21. Re1 Be8
22. h4 e6 23. Nf3 Bf7 24. Rb1 Qa5 25. a3 Rc8 26. Ne5 Qd8 27. f3 Nd6 28. Nxf7
Nxf7 29. Rxe6 Qxh4 30. g3 Qh3 31. Rxa6 Ng5 32. Qe3 Bf8 33. Qf2 Re7 34. Ba4 Bg7
35. Bxg5 hxg5 36. Qh2 Qxh2+ 37. Kxh2 Re2+ 38. Kg1 Rb8 39. Bc6 Re3 40. Kf2 Rxc3
41. Rh1+ {A-Yasseen resigns} 1-0

[Event "ICS rated blitz match"]
[Site "204.178.125.65"]
[Date "2000.12.13"]
[Round "?"]
[White "A-Yasseen"]
[Black "Hossa"]
[Result "0-1"]
[WhiteElo "2170"]
[BlackElo "2450"]
[PlyCount "44"]
[EventDate "2000.??.??"]

1. e4 c5 2. Nf3 e6 3. d4 cxd4 4. Nxd4 Nf6 5. Nc3 d6 6. g4 h6 7. h4 Nc6 8. Be3
e5 9. Nxc6 bxc6 10. Be2 Be7 11. Qd2 Nxg4 12. O-O-O Nxe3 13. fxe3 Be6 14. Rhg1
Rg8 15. Bg4 Bxg4 16. Rxg4 Rb8 17. Rdg1 g6 18. Nd1 h5 19. R4g2 Bxh4 20. Rh2 Rb7
21. Rxh4 Qxh4 22. Qxd6 Qxe4 {A-Yasseen resigns} 0-1

[Event "ICS rated blitz match"]
[Site "204.178.125.65"]
[Date "2000.12.13"]
[Round "?"]
[White "Hossa"]
[Black "A-Yasseen"]
[Result "1-0"]
[WhiteElo "2455"]
[BlackElo "2165"]
[PlyCount "77"]
[EventDate "2000.??.??"]

1. d4 d5 2. Nf3 Nf6 3. e3 e6 4. Nbd2 c5 5. c3 Nc6 6. Bb5 Bd7 7. dxc5 Bxc5 8.
Nb3 Bd6 9. O-O e5 10. e4 dxe4 11. Qxd6 exf3 12. Bxc6 Bxc6 13. Qxe5+ Qe7 14.
Qxe7+ Kxe7 15. gxf3 Bxf3 16. Re1+ Kd7 17. Bg5 Rae8 18. Nd4 Bd5 19. Bxf6 gxf6
20. Rxe8 Rxe8 21. f3 Kd6 22. b3 Kc5 23. Kf2 b5 24. Rd1 a5 25. Nxb5 Bxb3 26.
axb3 Kxb5 27. Rd5+ Kb6 28. Rd6+ Kb5 29. Rxf6 Re7 30. Rh6 Rc7 31. Rh5+ Kb6 32.
c4 f6 33. Kg3 Rg7+ 34. Kf4 Rg2 35. Rxh7 Rb2 36. Rh8 Kb7 37. Rh5 Rxb3 38. Rxa5
Kc6 39. Rf5 {A-Yasseen resigns} 1-0

[Event "ICS rated blitz match"]
[Site "204.178.125.65"]
[Date "2000.12.13"]
[Round "?"]
[White "A-Yasseen"]
[Black "Hossa"]
[Result "0-1"]
[WhiteElo "2160"]
[BlackElo "2460"]
[PlyCount "39"]
[EventDate "2000.??.??"]

1. e4 c5 2. Nf3 e6 3. d4 cxd4 4. Nxd4 Nf6 5. Nc3 d6 6. g4 h6 7. h4 Nc6 8. Be2
Be7 9. Be3 d5 10. exd5 Nxd5 11. Nxd5 exd5 12. Qd2 Ne5 13. O-O-O Nxg4 14. Bxg4
Bxg4 15. Rdg1 h5 16. f3 Bd7 17. Rg5 Bxg5 18. Bxg5 f6 19. Re1+ Kf7 20. Be3 {
A-Yasseen resigns} 0-1

[Event "ICS rated blitz match"]
[Site "204.178.125.65"]
[Date "2000.12.13"]
[Round "?"]
[White "K-Asrian"]
[Black "Hossa"]
[Result "1/2-1/2"]
[WhiteElo "2486"]
[BlackElo "2465"]
[PlyCount "178"]
[EventDate "2000.??.??"]

1. e4 c5 2. Nf3 e6 3. d4 cxd4 4. Nxd4 Nf6 5. Nc3 d6 6. Be2 Be7 7. O-O O-O 8. f4
Nc6 9. Be3 Bd7 10. Nb3 a5 11. a4 Rc8 12. Kh1 Nb4 13. Bf3 d5 14. e5 Ne4 15. Bxe4
dxe4 16. Qe2 Qc7 17. Qf2 Nd5 18. Bd4 b6 19. Rfe1 Qc6 20. Nxd5 exd5 21. c3 f6
22. exf6 Bxf6 23. Bxf6 Rxf6 24. Qe3 Qd6 25. Rf1 Rcf8 26. Nd2 Rxf4 27. Rxf4 Rxf4
28. b3 Qf6 29. h3 Qe5 30. Re1 Bc6 31. Nf3 Qf6 32. Nd4 Bd7 33. Qg3 Bc8 34. Kh2
Qf7 35. Nc6 Rf6 36. Nd4 Qe7 37. Kh1 Qa7 38. Qe5 Qf7 39. Nb5 Bd7 40. Nd4 Be8 41.
Kh2 Kh8 42. Re3 Bd7 43. Rg3 h6 44. Nc2 Qe6 45. Qb8+ Qg8 46. Qc7 Qc8 47. Qe5 Qc5
48. Ne3 Be6 49. Qb8+ Bg8 50. Qe5 Qf8 51. Ng4 Rg6 52. Ne3 Qf6 53. Qc7 Rxg3 54.
Kxg3 d4 55. cxd4 Qxd4 56. Qf4 Bxb3 57. Kh2 Bxa4 58. Qf8+ Kh7 59. Qf5+ g6 60.
Qf7+ Qg7 61. Qf4 Bd7 62. Nd5 Bf5 63. Qd6 Qf7 64. Qe5 Qe6 65. Qc7+ Kg8 66. Qd8+
Kf7 67. Qc7+ Qd7 68. Qe5 Qd8 69. Nf4 a4 70. g4 Qd2+ 71. Kg3 Qe3+ 72. Kh2 Qc5
73. Nd5 Qc2+ 74. Kg3 Qd3+ 75. Kh2 Qe2+ 76. Kg3 Qf3+ 77. Kh2 Qf2+ 78. Kh1 Qf1+
79. Kh2 Qf2+ 80. Kh1 Be6 81. Qc7+ Kg8 82. Ne7+ Kg7 83. Nf5+ Kf6 84. Qg7+ Kg5
85. Qxh6+ Kf6 86. Qh8+ Kg5 87. Qh6+ Kf6 88. Qg7+ Kg5 89. Qh6+ Kf6 {
Game drawn by repetition} 1/2-1/2

[Event "ICS rated blitz match"]
[Site "204.178.125.65"]
[Date "2000.12.13"]
[Round "?"]
[White "Hossa"]
[Black "PostModernist"]
[Result "1-0"]
[WhiteElo "2466"]
[BlackElo "2618"]
[PlyCount "107"]
[EventDate "2000.??.??"]

1. e4 c5 2. Nf3 Nc6 3. Nc3 g6 4. d4 cxd4 5. Nxd4 Bg7 6. Be3 Nf6 7. Nxc6 bxc6 8.
e5 Ng8 9. f4 f6 10. Bd4 Qc7 11. Qe2 fxe5 12. Bxe5 Bxe5 13. fxe5 Bb7 14. O-O-O
O-O-O 15. Qe3 Qb6 16. Qf4 h6 17. Kb1 Qa5 18. Re1 Rh7 19. Qg4 g5 20. h4 Rg7 21.
Bc4 e6 22. Rhf1 Ne7 23. Bd3 Kb8 24. h5 Nd5 25. Nxd5 cxd5 26. Re2 Qc5 27. Qf3
Rgg8 28. Ref2 d4 29. Qe2 g4 30. Bg6 g3 31. Rf7 Rgf8 32. Bd3 Rxf7 33. Rxf7 Qa5
34. a3 Qd5 35. Rg7 d6 36. exd6 Qxd6 37. Be4 Bxe4 38. Qxe4 Rd7 39. Rg8+ Kc7 40.
Rg6 Re7 41. Rxh6 Qd5 42. Qxd5 exd5 43. Rg6 Rh7 44. h6 Kd8 45. Rg8+ Ke7 46. Rxg3
Kf6 47. Rh3 Kg6 48. Kc1 Rxh6 49. Kd2 Rxh3 50. gxh3 Kg5 51. Kd3 Kf5 52. Kxd4 Ke6
53. c4 dxc4 54. b4 {PostModernist resigns} 1-0

[Event "ICS rated blitz match"]
[Site "204.178.125.65"]
[Date "2000.12.14"]
[Round "?"]
[White "Hossa"]
[Black "szit"]
[Result "1-0"]
[WhiteElo "2489"]
[BlackElo "1921"]
[PlyCount "49"]
[EventDate "2000.??.??"]

1. d4 d5 2. Nf3 Nf6 3. e3 g6 4. c4 c6 5. cxd5 cxd5 6. Nc3 Bg7 7. Bb5+ Bd7 8.
Bd3 O-O 9. Qb3 Bc6 10. Ne5 Qd6 11. f3 Nbd7 12. Nxc6 bxc6 13. Qc2 e5 14. O-O
Rfe8 15. dxe5 Nxe5 16. Ba6 Neg4 17. fxg4 Nxg4 18. g3 Nxe3 19. Bxe3 Rxe3 20. Qf2
Bd4 21. Qxf7+ Kh8 22. Kh1 Bc5 23. Qf6+ Qxf6 24. Rxf6 Kg7 25. Rxc6 {szit resigns
} 1-0

[Event "ICS rated blitz match"]
[Site "204.178.125.65"]
[Date "2000.12.14"]
[Round "?"]
[White "podebry"]
[Black "Hossa"]
[Result "0-1"]
[WhiteElo "1918"]
[BlackElo "2490"]
[PlyCount "36"]
[EventDate "2000.??.??"]

1. e4 c5 2. Nf3 e6 3. d4 cxd4 4. Nxd4 Nf6 5. Nc3 d6 6. Be2 Be7 7. O-O O-O 8. a3
Nc6 9. Nb3 d5 10. exd5 exd5 11. Bf3 Be6 12. Nd4 Bd6 13. Be3 Qb8 14. h3 Bh2+ 15.
Kh1 Bf4 16. Qd2 Bxe3 17. Qxe3 Re8 18. Qg5 Nxd4 {podebry resigns} 0-1

[Event "ICS rated standard match"]
[Site "204.178.125.65"]
[Date "2000.12.14"]
[Round "?"]
[White "Hossa"]
[Black "chesseagle"]
[Result "1-0"]
[WhiteElo "2374"]
[BlackElo "1949"]
[PlyCount "41"]
[EventDate "2000.??.??"]

1. e4 e5 2. Bc4 Nf6 3. d3 h6 4. f4 d5 5. exd5 Nxd5 6. fxe5 Bb4+ 7. c3 Ba5 8.
Nf3 Nc6 9. Qb3 Be6 10. Qxb7 Nce7 11. Bb5+ Kf8 12. Nd4 Ng6 13. Nc6 Qh4+ 14. g3
Bxc3+ 15. Nxc3 Qh3 16. Qxa8+ Bc8 17. Nxd5 Nh4 18. Ba6 Ng2+ 19. Kd2 g5 20. Bxc8
Kg7 21. Bxh3 {chesseagle resigns} 1-0